000 00352nam a2200145Ia 4500
005 20251222152710.0
008 251222s9999||||xx |||||||||||||| ||spa||
020 _a9972205924
082 _a869.560.38/P78
100 _aPorrar Barnechea, Raúl
245 0 _aPequeña Antología de Lima:
250 _a1ra.ed.
264 _bEl Comercio
942 _cLIB
999 _c29164
_d29164